| 000 | 00343nam a22001457a 4500 | ||
|---|---|---|---|
| 003 | SGT | ||
| 020 | _a9788174733981 | ||
| 082 |
_a617.6342 _bT08D |
||
| 100 | _aDABAS, USHA | ||
| 245 | _aTextbook of Conservative Dentistry | ||
| 260 |
_aNEW DELHI _bAITBS PUBLISHER _c2008 |
||
| 300 | _a271 | ||
| 650 | _aConservative Dentistry | ||
| 942 |
_2ddc _cBK |
||
| 999 |
_c16128 _d16128 |
||